Grandes escritores rusos

Gorde:
Xehetasun bibliografikoak
Formatua: Liburua
Hizkuntza:gaztelania
Argitaratua: Barcelona Océano 2000
Saila:Colección Clásicos Universales, 94
Gaiak:
Etiketak: Etiketa erantsi
Etiketarik gabe, Izan zaitez lehena erregistro honi etiketa jartzen!

MARC

LEADER 00000nam a2200000 a 4500
001 UCM0153
003 CL-VaPUC
008 020125e20000900SP |||||||||||||||||spa|d
082 0 4 |a 891.703  |b GRA  |2 21 
245 1 0 |a Grandes escritores rusos 
300 |a 191 p 
942 |c BK 
945 |d 20020125 00:00:00  |a vberengu 
260 |a Barcelona  |b Océano  |c 2000 
650 0 |a Novelas rusas   |9 316330 
650 7 |a CUENTOS RUSOS  |2 CL-VaPUC  |9 265134 
650 7 |a LITERATURA RUSA - ANTOLOGIAS  |2 CL-VaPUC  |9 463185 
583 |a last modification  |c 20020125 00:00:00  |k Rodrigo Vera 
490 0 |a Colección Clásicos Universales, 94 
999 |c 299194  |d 299192 
952 |0 0  |1 0  |4 0  |6 891_703000000000000_GRA_2000  |7 0  |8 A  |9 355426  |a BIBEDU  |b BIBEDU  |d 2019-11-21  |i 3790894  |o 891.703 GRA 2000  |p 3790894  |r 2019-11-21  |w 2019-11-21  |y BK  |k LIT